| 000 | 00732nam a2200229Ia 4500 | ||
|---|---|---|---|
| 005 | 20220203151712.0 | ||
| 008 | 210716s2013 xx 000 0 und d | ||
| 020 | _a9788131519783 | ||
| 040 | _cAIMIT LIBRARY | ||
| 041 | _aeng | ||
| 082 |
_a657.48 _28 _bNORC |
||
| 100 |
_aNorton, Curtis L. _916397 |
||
| 245 |
_aIntroduction to financial accounting / _cBy Curtis L. Norton and Gary A. Porter. |
||
| 250 | _a8th ed. | ||
| 260 |
_aNew Delhi : _bCengage Learning , _c2013. |
||
| 300 |
_axxx,765,A15-I14p. ; _c27 cm. |
||
| 650 |
_aFinancial Accounting. _916398 |
||
| 650 |
_aCash and Internal Control. _916403 |
||
| 650 |
_aStockholders Equity. _916404 |
||
| 700 |
_aPorter, Gary A. _916405 |
||
| 942 |
_2ddc _cBK _e8th _k657.48 NORC |
||
| 999 |
_c208394 _d208394 |
||